Financiamiento de partidos políticos y procesos electorales: el papel de los organismos electorales /

Kaydedildi:
Detaylı Bibliyografya
Yazar: Villegas A., Rafael
Materyal Türü: Metin
Etiketler: Etiketle
Etiket eklenmemiş, İlk siz ekleyin!

MARC

LEADER 00000 a a2200000 04500
001 48549
003
040
100 |a Villegas A., Rafael  
245 |a Financiamiento de partidos políticos y procesos electorales:   |b el papel de los organismos electorales /  |c Rafael Villegas A.  
773 |g volumen1, número4, (1997), 8 páginas : tabla  
999 |c 25468  |d 25468